Statistics for Common Charting Songs (Billboard Hot 100)

Click here to take the quiz!

General Stats

  • This quiz has been taken 3 times
  • The average score is 4 of 7

Answer Stats

AlbumWeeks OnPeakArtist(s)Song% Correct
Selma3 Weeks#49Common & John LegendGlory
100%
Man of the Moon: The End of the Day15 Weeks#43Kid Cudi ft. Kanye West & CommonMake Her Say
50%
Like Water for Chocolate19 Weeks#44CommonThe Light
50%
Universal Mind Control6 Weeks#62Common ft. PharrellUniversal Mind Control
50%
Electric Circus15 Weeks#65Common ft. Mary J. BligeCome Close to Me
50%
Be6 Weeks#79CommonGo!
50%
Brown Sugar27 Weeks#9Erykah Badu ft. CommonLove of My Life (An Ode to Hip Hop)
0%

Score Distribution

Percentile by Number Answered

Percent of People with Each Score

Your Score History

You have not taken this quiz